| 000 | 01008cam a2200277I 4500 | ||
|---|---|---|---|
| 999 |
_c5453 _d5453 |
||
| 001 | 22727 | ||
| 003 | GBCCL | ||
| 005 | 20241126110542.0 | ||
| 008 | 761015s1946 pau 000 0 eng | ||
| 010 | _a 46020761 | ||
| 035 | _a(OCoLC)02505524 | ||
| 040 |
_aDLC _cIAG |
||
| 049 | _aLBBK | ||
| 050 | 0 |
_aBV4211 _b.M23 1946 |
|
| 082 |
_a253 _bMAC |
||
| 092 |
_a253 _bM178 |
||
| 100 | 1 |
_aMacgregor, William Malcolm, _d1861-1944. _99800 |
|
| 245 | 1 | 4 |
_aThe making of a preacher ... _cby W. M. Macgregor; with an appreciation by A. J. Gossip. |
| 260 |
_aPhiladelphia, _bThe Westminster press _c[1946] |
||
| 300 |
_a96 p. _c20 cm. |
||
| 490 | 0 | _aThe Warrack lectures. | |
| 505 | 0 | _aAn ideal of ministry.--The making of a preacher through knowledge of God.--The making of a preacher through the knowledge of man.--The enriching of a preacher through reading.--The theme and quality of the preaching which should ensue. | |
| 520 | _aLloyd M. Perry Collection. | ||
| 650 | 0 |
_aPreaching. _9404 |
|
| 942 |
_2ddc _cBK |
||